| 000 | 00368nam a22001577a 4500 | ||
|---|---|---|---|
| 005 | 20160627171125.0 | ||
| 008 | 160627b xxu||||| |||| 00| 0 eng d | ||
| 020 | _a978-1-57851-874-6 | ||
| 041 | _aeng | ||
| 082 | _b10682 | ||
| 245 | _aManaging change and transition | ||
| 260 | _bHarvard Business press | ||
| 300 | _a131 | ||
| 650 |
_aManagement _9241 |
||
| 942 | _cBK | ||
| 999 |
_c4334 _d4333 |
||